| 000 | 00520nam a2200181Ia 4500 | ||
|---|---|---|---|
| 999 |
_c3535 _d3535 |
||
| 003 | OSt | ||
| 005 | 20200821132540.0 | ||
| 008 | 190216s9999||||xx |||||||||||||| ||und|| | ||
| 020 | _a9788182831209 | ||
| 040 | _coclc | ||
| 082 |
_a660 _bSHA/I |
||
| 100 | 1 |
_aSharma, B. K. _91147 _d1954- _q(Brij Kishore), |
|
| 245 | 0 |
_aIndustrial Chemistry / _cB K Sharma |
|
| 260 |
_bKrishna Prakashan Media, _c2011. _aMeerut: |
||
| 300 | _a1776p | ||
| 650 | _aChemistry | ||
| 942 |
_cBK _2ddc _h660 _iSHA/I _k660 _mSHA/I |
||